000 01469nam a2200445 c 4500
001 21219
003 ES-MaCES
005 20170201120443.0
008 080616s2008 xxud t i000 | eng d
020 _a0821368702
020 _a9780821368701
020 _a9780821368718 (eISBN)
035 _aCES20080005892m
040 _aES-MaCES
_bspa
_cES-MaCES
245 0 0 _aRemittances and development
_b: lessons from Latin America
_cedited by Pablo Fajnzylber and J. Humberto López
260 _aWashington D.C.
_bWorld Bank
_c[2008]
300 _aXXIV, 383 p.
_bgráf. bl. y n.
_c23 cm
490 1 _aLatin American development forum series
500 _aÍndices
504 _aBibliografía
541 _cCompra
650 4 _aremesa de dinero
_929646
650 4 _amigración
_928635
650 4 _aemigrante
_928628
650 4 _aevaluación del impacto
_930732
650 4 _apobreza
_927112
650 4 _aingreso de los hogares
_930031
650 4 _aAmérica Latina
_926882
650 4 _apaís de salida
_929798
653 1 0 _aDesarrollo regional
650 4 _929234
_adesarrollo económico y social
650 4 _930761
_asector financiero
700 1 _aFajnzylber, Pablo
_eed. lit.
_911582
700 1 _aLópez, J. Humberto
_eed. lit.
_916806
710 2 _91604
_aBanco Mundial
_eed.
830 0 _aLatin American development forum series
_934380
902 _aLIB Libro
942 _2CES
_cBK
_h1.1.
999 _c21219
_d21219